000 00450nam a22001577a 4500
005 20251108172752.0
008 250721s1997 xx 000 0 ara d
082 1 4 _a811.609/خال
100 1 _aخالد، نبيل
245 1 0 _aحكمة و بلاغة الإمام الشافعي /
264 1 _aالقاهرة :
_bدار الهدى للنشر،
_c1997.
300 _a55ص
650 1 7 _aشعر الحكمه
942 _2ddc
_cBK
999 _c88047
_d88047